<?xml version="1.0" encoding="UTF-8"?>
<record
    xmlns:xsi="http://www.w3.org/2001/XMLSchema-instance"
    xsi:schemaLocation="http://www.loc.gov/MARC21/slim http://www.loc.gov/standards/marcxml/schema/MARC21slim.xsd"
    xmlns="http://www.loc.gov/MARC21/slim">

  <leader>05951nam a2200373 a 4500</leader>
  <controlfield tag="003">CHAP</controlfield>
  <controlfield tag="005">20250605113953.0</controlfield>
  <controlfield tag="007">ta</controlfield>
  <controlfield tag="008">250207s2024    mx abdofom||| 001 0 spa d</controlfield>
  <datafield tag="040" ind1=" " ind2=" ">
    <subfield code="e">rda</subfield>
  </datafield>
  <datafield tag="041" ind1=" " ind2=" ">
    <subfield code="a">spa</subfield>
    <subfield code="b">eng</subfield>
  </datafield>
  <datafield tag="100" ind1="1" ind2=" ">
    <subfield code="a">Sol&#xED;s Melgarejo, Mario Andr&#xE9;</subfield>
    <subfield code="9">190081</subfield>
  </datafield>
  <datafield tag="245" ind1="1" ind2="0">
    <subfield code="a">Capacidad antioxidante de una bebida a base de pulpa e infusi&#xF3;n de hojas de guan&#xE1;bana (Annona muricata L.) /</subfield>
    <subfield code="c">Mario Andr&#xE9; Sol&#xED;s Melgarejo</subfield>
  </datafield>
  <datafield tag="264" ind1=" " ind2=" ">
    <subfield code="a">Chapingo, M&#xE9;xico :</subfield>
    <subfield code="b">El autor,</subfield>
    <subfield code="c">2024</subfield>
  </datafield>
  <datafield tag="300" ind1=" " ind2=" ">
    <subfield code="a">1 recurso en l&#xED;nea (xii, 77 p&#xE1;ginas) :</subfield>
    <subfield code="b">ilustraciones, tablas, gr&#xE1;ficas, mapas, fotograf&#xED;as</subfield>
  </datafield>
  <datafield tag="336" ind1=" " ind2=" ">
    <subfield code="2">rdacontent</subfield>
    <subfield code="a">texto</subfield>
    <subfield code="b">txt</subfield>
  </datafield>
  <datafield tag="337" ind1=" " ind2=" ">
    <subfield code="2">rdamedia</subfield>
    <subfield code="a">computadora</subfield>
    <subfield code="b">c</subfield>
  </datafield>
  <datafield tag="338" ind1=" " ind2=" ">
    <subfield code="2">rdacarrier</subfield>
    <subfield code="a">recurso en l&#xED;nea</subfield>
    <subfield code="b">cr</subfield>
  </datafield>
  <datafield tag="502" ind1=" " ind2=" ">
    <subfield code="a">Tesis </subfield>
    <subfield code="b">IA</subfield>
    <subfield code="c">Agroindustrias</subfield>
    <subfield code="d">2024</subfield>
    <subfield code="g">LIC</subfield>
  </datafield>
  <datafield tag="504" ind1=" " ind2=" ">
    <subfield code="a">Bibliograf&#xED;a : p&#xE1;ginas 57-67</subfield>
  </datafield>
  <datafield tag="520" ind1="3" ind2=" ">
    <subfield code="a">El objetivo de este trabajo fue elaborar una bebida a base de pulpa e infusi&#xF3;n de hojas de guan&#xE1;bana, con potencial antioxidante y atributos sensoriales aceptables al consumidor. Para la elaboraci&#xF3;n de bebidas se usaron frutos en estado de madurez de consumo y hojas frescas provenientes de Actopan, Veracruz, a los frutos se les midi&#xF3;: peso, rendimiento, firmeza, s&#xF3;lidos solubles totales, acidez, pH, color de pulpa y epidermis, para determinar si contaban con caracter&#xED;sticas necesarias para elaboraci&#xF3;n de bebidas. Se elaboraron ocho bebidas formuladas con mezclas (100-0, 95-5, 90-10 y 80-20 %) de n&#xE9;ctar de guan&#xE1;bana al 25 % (p/v) (pasteurizado y sin pasteurizar) e infusi&#xF3;n de hojas de guan&#xE1;bana al 10 % (p/v). Se analizaron los atributos de color y pH de las bebidas, evidenciando que agregar infusi&#xF3;n de hojas en un m&#xE1;ximo de 20 % en relaci&#xF3;n con la bebida total, no tiene efectos significativos en esos atributos. Se evalu&#xF3; la capacidad antioxidante de las bebidas por medio de ensayos ABTS+ y FRAP, reportando los valores como &#x3BC;moles equivalentes de trolox (ET)/100 mL de muestra. En el ensayo ABTS+ se demostr&#xF3; que agregar infusi&#xF3;n de hojas genera un aumento en la capacidad antioxidante de bebidas, pasando de 29.27 &#x3BC;moles ET/100 mL en la bebida testigo (SP1: 100 % n&#xE9;ctar sin pasteurizar) a 61.66 &#x3BC;moles ET/100 mL en la bebida SP4 (80 % n&#xE9;ctar sin pasteurizar + 20 % infusi&#xF3;n de hojas) que fue la bebida adicionada con la mayor cantidad de infusi&#xF3;n. Para el ensayo FRAP la bebida testigo (SP1) mostr&#xF3; un valor de 13.36 &#x3BC;moles ET/100 mL, mientras que en la bebida SP4 fue de 33.69 &#x3BC;moles ET/100 mL, confirmando as&#xED; el incremento en la capacidad antioxidante a trav&#xE9;s de la adici&#xF3;n de infusi&#xF3;n de hojas. Por otra parte, en la preferencia del producto no se encontraron diferencias significativas entre tratamientos. Finalmente, la vida de anaquel de las bebidas P1 y P2 fueron las &#xFA;nicas que mantuvieron un buen estado despu&#xE9;s de 15 d&#xED;as. La bebida a base de pulpa de guan&#xE1;bana e infusi&#xF3;n de hojas tiene una capacidad antioxidante mayor al n&#xE9;ctar de pulpa, es un producto con potencial antioxidante, que no altera atributos sensoriales, lo cual lo hace agradable al consumidor.</subfield>
  </datafield>
  <datafield tag="520" ind1="3" ind2=" ">
    <subfield code="a">The objective of this work was to develop a beverage based on soursop pulp and leaf infusion, with antioxidant potential and sensory attributes acceptable to the consumer. For the preparation of beverages, fruits in a state of ripeness for consumption and fresh leaves from Actopan, Veracruz, were used. The fruits were measured for weight, yield, firmness, total soluble solids, acidity, pH, pulp color and epidermis, to determine if they had the necessary characteristics for beverage preparation. Eight beverages were formulated with mixtures (100-0, 95-5, 90-10 and 80-20%) of soursop nectar at 25% (w/v) (pasteurized and unpasteurized) and soursop leaf infusion at 10% (w/v). The color and pH attributes of the beverages were analyzed, showing that adding leaf infusion at a maximum of 20% in relation to the total beverage had no significant effects on these attributes. The antioxidant capacity of the beverages was evaluated by means of ABTS+ and FRAP assays, reporting the values as &#x3BC;moles trolox equivalents (ET)/100 mL of sample. In the ABTS+ assay , it was shown that adding leaf infusion generates an increase in the antioxidant capacity of beverages, going from 29.27 &#x3BC;moles ET/100 mL in the control beverage (SP1: 100% unpasteurized nectar) to 61.66 &#x3BC;moles ET/100 mL in the SP4 beverage (80% unpasteurized nectar + 20% leaf infusion), which was the beverage with the highest amount of infusion added. For the FRAP test, the control drink (SP1) showed a value of 13.36 &#x3BC;moles ET/100 mL, while in the SP4 drink it was 33.69 &#x3BC;moles ET/100 mL, thus confirming the increase in antioxidant capacity through the addition of leaf infusion. On the other hand, in the product preference no significant differences were found between treatments. Finally, the shelf life of drinks P1 and P2 were the only ones that maintained a good condition after 15 days. The drink based on soursop pulp and leaf infusion has a greater antioxidant capacity than pulp nectar, it is a product with antioxidant potential, which does not alter sensory attributes, which makes it pleasant to the consumer.</subfield>
  </datafield>
  <datafield tag="650" ind1="1" ind2="3">
    <subfield code="a">Bebidas</subfield>
    <subfield code="2">atg</subfield>
    <subfield code="9">11110</subfield>
    <subfield code="x">Annona muricata</subfield>
    <subfield code="x">Actividad antioxidante</subfield>
  </datafield>
  <datafield tag="650" ind1="1" ind2="3">
    <subfield code="a">T&#xE9; (bebida)</subfield>
    <subfield code="2">atg</subfield>
    <subfield code="9">190082</subfield>
    <subfield code="x">Hojas</subfield>
    <subfield code="x">Annona muricata</subfield>
  </datafield>
  <datafield tag="650" ind1="1" ind2="3">
    <subfield code="a">T&#xE9; (bebida)</subfield>
    <subfield code="2">atg</subfield>
    <subfield code="9">190082</subfield>
    <subfield code="x">Pulpa de fruta</subfield>
    <subfield code="x">Annona muricata</subfield>
  </datafield>
  <datafield tag="650" ind1="1" ind2="3">
    <subfield code="a">Beverages</subfield>
    <subfield code="2">atg</subfield>
    <subfield code="9">153168</subfield>
    <subfield code="x">Annona muricata</subfield>
    <subfield code="x">Antioxidant activity</subfield>
  </datafield>
  <datafield tag="650" ind1="1" ind2="3">
    <subfield code="a">Tea (beverage)</subfield>
    <subfield code="2">atg</subfield>
    <subfield code="9">190083</subfield>
    <subfield code="x">Leaves</subfield>
    <subfield code="x">Annona muricata</subfield>
  </datafield>
  <datafield tag="650" ind1="1" ind2="3">
    <subfield code="a">Tea (beverage)</subfield>
    <subfield code="2">atg</subfield>
    <subfield code="9">190083</subfield>
    <subfield code="x">Fruit pulp</subfield>
    <subfield code="x">Annona muricata</subfield>
  </datafield>
  <datafield tag="700" ind1="1" ind2=" ">
    <subfield code="a">Landa Salgado, Patricia</subfield>
    <subfield code="9">148104</subfield>
    <subfield code="e">directora</subfield>
  </datafield>
  <datafield tag="700" ind1="1" ind2=" ">
    <subfield code="a">Becerra Morales, Diana</subfield>
    <subfield code="9">11145</subfield>
    <subfield code="e">asesora</subfield>
  </datafield>
  <datafield tag="700" ind1="1" ind2=" ">
    <subfield code="a">Torres Salas, Verenice</subfield>
    <subfield code="9">114233</subfield>
    <subfield code="e">asesora</subfield>
  </datafield>
  <datafield tag="856" ind1="4" ind2="0">
    <subfield code="y">DESCARGAR PDF</subfield>
    <subfield code="u">http://10.13.5.2/tesis/tl/1812497-7_SOLIS_MELGAREJO_MARIOANDRE.pdf</subfield>
  </datafield>
  <datafield tag="942" ind1=" " ind2=" ">
    <subfield code="2">Clasificaci&#xF3;n Universidad Aut&#xF3;noma Chapingo</subfield>
    <subfield code="c">TD</subfield>
  </datafield>
  <datafield tag="999" ind1=" " ind2=" ">
    <subfield code="c">220441</subfield>
    <subfield code="d">220441</subfield>
  </datafield>
  <datafield tag="952" ind1=" " ind2=" ">
    <subfield code="0">0</subfield>
    <subfield code="1">0</subfield>
    <subfield code="2">local</subfield>
    <subfield code="4">0</subfield>
    <subfield code="7">0</subfield>
    <subfield code="8">TesDigL</subfield>
    <subfield code="a">IA_</subfield>
    <subfield code="b">IA_</subfield>
    <subfield code="c">E_L</subfield>
    <subfield code="d">2025-02-07</subfield>
    <subfield code="e">El autor</subfield>
    <subfield code="l">0</subfield>
    <subfield code="p">1201015253</subfield>
    <subfield code="r">2025-02-07 09:30:15</subfield>
    <subfield code="w">2025-02-07</subfield>
    <subfield code="y">TD</subfield>
  </datafield>
  <datafield tag="952" ind1=" " ind2=" ">
    <subfield code="0">0</subfield>
    <subfield code="1">0</subfield>
    <subfield code="2">local</subfield>
    <subfield code="4">0</subfield>
    <subfield code="5">1</subfield>
    <subfield code="7">0</subfield>
    <subfield code="8">TesDigL</subfield>
    <subfield code="a">BD</subfield>
    <subfield code="b">BD</subfield>
    <subfield code="c">E_L</subfield>
    <subfield code="d">2025-06-05</subfield>
    <subfield code="l">0</subfield>
    <subfield code="o">Tesis digital</subfield>
    <subfield code="r">2025-06-05 12:39:22</subfield>
    <subfield code="w">2025-06-05</subfield>
    <subfield code="y">TD</subfield>
  </datafield>
</record>
